000 00262nam a22001217a 4500
008 180807b xxu||||| |||| 00| 0 eng d
082 _a813.52
245 _aAutocad
_cAutodesc
260 _c2009
300 _a1
_fDVD
440 _x352-77917628
942 _2ddc
_cMX
999 _c46925
_d46925